000 00296nam a2200133Ia 4500
008 240624s9999 xx 000 0 und d
041 _aeng
082 _a823 MAR
100 _aATWOOD MARGARET
245 _aEDIBLE WOMAN
260 _c2009
_aCanada
_bLittle
300 _a368 : p.
365 _c
_b25
999 _c20257
_d20257